[Event "Schachklub Münster 32 e. V. 4 - SC Kle"]
[Site "Regionalliga, Gr. 1 2022/2023"]
[Date "2023.02.04"]
[Round "6.1"]
[White "Bruemmer, Frank"]
[Black "Jansen, Dirk"]
[Result "1-0"]
[WhiteElo "2185"]
[BlackElo "2012"]
[PlyCount "59"]
[EventDate "2023.??.??"]
[SourceTitle "Verband Muensterland"]
[SourceDate "2023.02.22"]
[SourceVersion "1"]
[SourceVersionDate "2023.02.22"]
[SourceQuality "1"]
[WhiteTeam "SC Klein-Berlin Rheine 1"]
[BlackTeam "Schachklub Münster 32 e. V. 4"]

1. d4 d5 2. c4 e6 3. Nc3 c5 4. e3 Nf6 5. Nf3 Nc6 6. a3 cxd4 7. exd4 g6 8. c5
Bg7 9. Bb5 Bd7 10. Qe2 Ne4 11. Bxc6 Bxc6 12. Bf4 Nxc3 13. bxc3 Qa5 14. Qe3 O-O
15. O-O b6 16. cxb6 axb6 17. Bd6 Rfc8 18. Rfe1 Be8 19. Bb4 Qa7 20. h4 h6 21.
Ne5 Kh7 22. Qf3 f6 23. Nd3 Qf7 24. Re3 Rc6 25. Rae1 h5 26. Nf4 Bh6 27. Rxe6
Rxe6 28. Rxe6 Ra7 29. Rxb6 Qc7 30. Nxd5 1-0

[Event "Schachklub Münster 32 e. V. 4 - SC Kle"]
[Site "Regionalliga, Gr. 1 2022/2023"]
[Date "2023.02.04"]
[Round "6.2"]
[White "Blockhaus, Tobias"]
[Black "Ottens, Stephan"]
[Result "0-1"]
[WhiteElo "1876"]
[BlackElo "2103"]
[PlyCount "56"]
[EventDate "2023.??.??"]
[SourceTitle "Verband Muensterland"]
[SourceDate "2023.02.22"]
[SourceVersion "1"]
[SourceVersionDate "2023.02.22"]
[SourceQuality "1"]
[WhiteTeam "Schachklub Münster 32 e. V. 4"]
[BlackTeam "SC Klein-Berlin Rheine 1"]

1. e4 c5 2. c3 d5 3. exd5 Qxd5 4. d4 Nf6 5. Nf3 Nc6 6. Be2 e6 7. O-O cxd4 8.
cxd4 Be7 9. Nc3 Qd6 10. a3 O-O 11. h3 a6 12. Be3 Rd8 13. Qd2 b5 14. b4 Bb7 15.
Rad1 Rac8 16. Rfe1 Qc7 17. Rc1 Qb8 18. Rcd1 Nxb4 19. Bf4 Qa8 20. Bg5 Nbd5 21.
Nxd5 Bxd5 22. Bd3 Bxf3 23. gxf3 Qa7 24. Bb1 g6 25. Ba2 Nd5 26. Re4 Bxg5 27.
Qxg5 Nc3 28. Rh4 Nxa2 0-1

[Event "Schachklub Münster 32 e. V. 4 - SC Kle"]
[Site "Regionalliga, Gr. 1 2022/2023"]
[Date "2023.02.04"]
[Round "6.3"]
[White "Averkamp Peters, Jens"]
[Black "Vogenauer, Nikolas"]
[Result "1-0"]
[WhiteElo "2003"]
[BlackElo "1914"]
[PlyCount "34"]
[EventDate "2023.??.??"]
[SourceTitle "Verband Muensterland"]
[SourceDate "2023.02.22"]
[SourceVersion "1"]
[SourceVersionDate "2023.02.22"]
[SourceQuality "1"]
[WhiteTeam "SC Klein-Berlin Rheine 1"]
[BlackTeam "Schachklub Münster 32 e. V. 4"]

1. e4 e5 2. d4 exd4 3. Nf3 d6 4. c3 dxc3 5. Nxc3 Nf6 6. Bc4 Be7 7. Qb3 O-O 8.
Ng5 Qe8 9. O-O c6 10. Re1 Nbd7 11. f4 Nc5 12. Qc2 h6 13. e5 hxg5 14. exf6 gxf6
15. Qg6+ Kh8 16. Qh6+ Kg8 17. fxg5 Qd8 1-0

[Event "Schachklub Münster 32 e. V. 4 - SC Kle"]
[Site "Regionalliga, Gr. 1 2022/2023"]
[Date "2023.02.04"]
[Round "6.4"]
[White "Spillmann, Peter"]
[Black "Langhans, Joerg"]
[Result "1/2-1/2"]
[WhiteElo "1868"]
[BlackElo "1971"]
[PlyCount "56"]
[EventDate "2023.??.??"]
[SourceTitle "Verband Muensterland"]
[SourceDate "2023.02.22"]
[SourceVersion "1"]
[SourceVersionDate "2023.02.22"]
[SourceQuality "1"]
[WhiteTeam "Schachklub Münster 32 e. V. 4"]
[BlackTeam "SC Klein-Berlin Rheine 1"]

1. f4 d5 2. Nf3 Nf6 3. g3 g6 4. Bg2 Bg7 5. O-O O-O 6. d3 c5 7. c3 Nc6 8. Na3 a6
9. Qc2 Qc7 10. e4 e6 11. e5 Nd7 12. Be3 b5 13. b4 Ne7 14. Rac1 Bb7 15. Qf2 c4
16. d4 Bc6 17. g4 a5 18. Nc2 Rfe8 19. h4 f5 20. g5 Kf7 21. h5 axb4 22. Nxb4 Ra5
23. Rc2 Rea8 24. Nh4 Nb8 25. Rb1 Bd7 26. Bf3 Nbc6 27. Rbb2 Ra4 28. Nxc6 Bxc6
1/2-1/2

[Event "Schachklub Münster 32 e. V. 4 - SC Kle"]
[Site "Regionalliga, Gr. 1 2022/2023"]
[Date "2023.02.04"]
[Round "6.5"]
[White "Langhanke, Guenther"]
[Black "Schulz, Stefan"]
[Result "0-1"]
[WhiteElo "1958"]
[BlackElo "1840"]
[PlyCount "78"]
[EventDate "2023.??.??"]
[SourceTitle "Verband Muensterland"]
[SourceDate "2023.02.22"]
[SourceVersion "1"]
[SourceVersionDate "2023.02.22"]
[SourceQuality "1"]
[WhiteTeam "SC Klein-Berlin Rheine 1"]
[BlackTeam "Schachklub Münster 32 e. V. 4"]

1. e4 d5 2. exd5 Qxd5 3. Nc3 Qa5 4. d4 c6 5. Nf3 Nf6 6. Bd2 Bf5 7. Ne4 Qc7 8.
Ng3 Bg6 9. Ne5 Nbd7 10. Nxg6 hxg6 11. Be2 e6 12. Nf1 O-O-O 13. c3 e5 14. Qa4
Kb8 15. O-O-O Nb6 16. Qb3 exd4 17. cxd4 Rxd4 18. Be3 Rxd1+ 19. Bxd1 Bd6 20. h3
Nfd5 21. Bd4 Be5 22. Bxe5 Qxe5 23. Qg3 Re8 24. Bf3 Nb4 25. a3 Nd3+ 26. Kc2 Ne1+
27. Kb1 Qxg3 28. Nxg3 Nxf3 29. gxf3 Nc4 30. f4 Kc7 31. h4 Nd2+ 32. Kc2 Ne4 33.
Re1 Nf6 34. Rxe8 Nxe8 35. f5 gxf5 36. Nxf5 g6 37. Nh6 Nd6 38. f4 Kd7 39. Kd3
Ke6 0-1

[Event "Schachklub Münster 32 e. V. 4 - SC Kle"]
[Site "Regionalliga, Gr. 1 2022/2023"]
[Date "2023.02.04"]
[Round "6.6"]
[White "Schoepper, Oliver"]
[Black "Bruemmer, Andreas"]
[Result "0-1"]
[WhiteElo "1778"]
[BlackElo "1932"]
[PlyCount "54"]
[EventDate "2023.??.??"]
[SourceTitle "Verband Muensterland"]
[SourceDate "2023.02.22"]
[SourceVersion "1"]
[SourceVersionDate "2023.02.22"]
[SourceQuality "1"]
[WhiteTeam "Schachklub Münster 32 e. V. 4"]
[BlackTeam "SC Klein-Berlin Rheine 1"]

1. d4 f5 2. c4 Nf6 3. g3 g6 4. Bg2 Bg7 5. Nf3 O-O 6. O-O d6 7. Nc3 Nc6 8. d5
Na5 9. Qd3 c5 10. Re1 a6 11. Ng5 Rb8 12. e4 Ng4 13. Nf3 b5 14. cxb5 axb5 15. h3
Ne5 16. Nxe5 Bxe5 17. Qe2 b4 18. Nd1 fxe4 19. Qxe4 Bf5 20. Qh4 c4 21. Bg5 Rf7
22. Rc1 Bd3 23. Be4 Nb7 24. Bxd3 cxd3 25. Qxb4 Nc5 26. Qd2 Qb6 27. a3 Nb3 0-1

[Event "Schachklub Münster 32 e. V. 4 - SC Kle"]
[Site "Regionalliga, Gr. 1 2022/2023"]
[Date "2023.02.04"]
[Round "6.7"]
[White "Ratert, Matthias"]
[Black "Sokolowski, Cyril"]
[Result "1/2-1/2"]
[WhiteElo "1839"]
[BlackElo "1759"]
[PlyCount "98"]
[EventDate "2023.??.??"]
[SourceTitle "Verband Muensterland"]
[SourceDate "2023.02.22"]
[SourceVersion "1"]
[SourceVersionDate "2023.02.22"]
[SourceQuality "1"]
[WhiteTeam "SC Klein-Berlin Rheine 1"]
[BlackTeam "Schachklub Münster 32 e. V. 4"]

1. e4 d5 2. exd5 Qxd5 3. Nc3 Qd8 4. Ne4 Bf5 5. Ng3 Bg6 6. d4 e6 7. Bd3 c6 8.
Nf3 Nf6 9. Qe2 Be7 10. Bg5 Nbd7 11. Bxg6 hxg6 12. Ne5 Nd5 13. Bxe7 Qxe7 14. Ne4
Nf4 15. Qf3 Nxe5 16. dxe5 Qb4+ 17. c3 Qxb2 18. Nd6+ Ke7 19. O-O g5 20. Rab1
Qxc3 21. Rxb7+ Kf8 22. Qe4 Rh4 23. Qb1 Qxe5 24. Rb8+ Ke7 25. g3 Rxb8 26. Qxb8
Nh3+ 27. Kh1 Nxf2+ 28. Rxf2 Qe1+ 29. Kg2 Rxh2+ 30. Kxh2 Qxf2+ 31. Kh3 Qf1+ 32.
Kh2 Qf2+ 33. Kh3 g4+ 34. Kh4 g5+ 35. Kh5 Qh2+ 36. Kxg4 Qe2+ 37. Kh3 Qf1+ 38.
Kh2 Qe2+ 39. Kh3 Qh5+ 40. Kg2 Qe2+ 41. Kh3 Qf1+ 42. Kh2 Qf2+ 43. Kh3 g4+ 44.
Kh4 Qf6+ 45. Kxg4 Qd4+ 46. Kh3 Qxd6 47. Qxa7+ Kf6 48. Qe3 Qd5 49. Kh4 Ke7
1/2-1/2

[Event "Schachklub Münster 32 e. V. 4 - SC Kle"]
[Site "Regionalliga, Gr. 1 2022/2023"]
[Date "2023.02.04"]
[Round "6.8"]
[White "Leder, Nils"]
[Black "Hemmert, Michael"]
[Result "0-1"]
[WhiteElo "1911"]
[BlackElo "1765"]
[PlyCount "62"]
[EventDate "2023.??.??"]
[SourceTitle "Verband Muensterland"]
[SourceDate "2023.02.22"]
[SourceVersion "1"]
[SourceVersionDate "2023.02.22"]
[SourceQuality "1"]
[WhiteTeam "Schachklub Münster 32 e. V. 4"]
[BlackTeam "SC Klein-Berlin Rheine 1"]

1. c4 e5 2. g3 Bc5 3. Bg2 Nf6 4. Nc3 a5 5. Nf3 Nc6 6. O-O O-O 7. Nxe5 Nxe5 8.
d4 Bxd4 9. Qxd4 Nc6 10. Qd1 Re8 11. b3 d6 12. h3 Qe7 13. e3 Qe5 14. Bb2 Qg5 15.
Nd5 Nxd5 16. cxd5 Nb8 17. Rc1 Na6 18. a3 h5 19. Rc4 Bf5 20. Rh4 Qg6 21. Qd4 Nc5
22. Rxh5 f6 23. g4 Be4 24. b4 Bxg2 25. Kxg2 Re4 26. bxc5 Rxd4 27. Bxd4 dxc5 28.
Bxc5 b6 29. Bd4 Rd8 30. f3 Qc2+ 31. Kg3 Qc4 0-1

[Event "SK Metelen 1 - SF Telgte 1"]
[Site "Regionalliga, Gr. 1 2022/2023"]
[Date "2023.02.04"]
[Round "6.1"]
[White "Pohl, Detlev"]
[Black "Bernink, Henk"]
[Result "1-0"]
[WhiteElo "1835"]
[BlackElo "2012"]
[PlyCount "86"]
[EventDate "2023.??.??"]
[SourceTitle "Verband Muensterland"]
[SourceDate "2023.02.22"]
[SourceVersion "1"]
[SourceVersionDate "2023.02.22"]
[SourceQuality "1"]
[WhiteTeam "SF Telgte 1"]
[BlackTeam "SK Metelen 1"]

1. e4 c6 2. Nc3 d5 3. Nf3 Bg4 4. h3 Bxf3 5. Qxf3 e6 6. d3 Qb6 7. Be2 Nf6 8. O-O
Bd6 9. Rb1 d4 10. Nd1 Nbd7 11. Bf4 e5 12. Bg5 h6 13. Bd2 O-O-O 14. b4 Qc7 15.
Nb2 Nf8 16. c4 dxc3 17. Bxc3 Ne6 18. Nc4 Nd4 19. Bxd4 exd4 20. Qf5+ Nd7 21.
Qxf7 Bf4 22. Bg4 Kb8 23. Bxd7 Rxd7 24. Qg6 Rf8 25. g3 Rf6 26. Qg4 b5 27. e5 h5
28. Qxh5 Rh6 29. Qg4 bxc4 30. gxf4 c3 31. Rfe1 g6 32. Re4 Rdh7 33. Kg2 Rh4 34.
Qe6 g5 35. Rxd4 gxf4 36. Qd6 Rxh3 37. Rxf4 Qxd6 38. exd6 Rxd3 39. Rc1 Rd7 40.
Rc4 R7xd6 41. R1xc3 Kb7 42. Rxc6 Rd2 43. Rxd6 Rxd6 1-0

[Event "SK Metelen 1 - SF Telgte 1"]
[Site "Regionalliga, Gr. 1 2022/2023"]
[Date "2023.02.04"]
[Round "6.2"]
[White "Poelstra, Ben"]
[Black "Pohl, Tim"]
[Result "0-1"]
[WhiteElo "1996"]
[BlackElo "1897"]
[PlyCount "64"]
[EventDate "2023.??.??"]
[SourceTitle "Verband Muensterland"]
[SourceDate "2023.02.22"]
[SourceVersion "1"]
[SourceVersionDate "2023.02.22"]
[SourceQuality "1"]
[WhiteTeam "SK Metelen 1"]
[BlackTeam "SF Telgte 1"]

1. e4 e6 2. d4 d5 3. e5 c5 4. c3 Nc6 5. Nf3 Qb6 6. a3 c4 7. Nbd2 Na5 8. Rb1 Bd7
9. Be2 Rc8 10. O-O Ne7 11. Re1 Ng6 12. g3 Be7 13. h4 f5 14. exf6 Bxf6 15. Bf1
O-O 16. Bh3 Rcd8 17. Qe2 e5 18. Bxd7 Rxd7 19. h5 Nh8 20. Nxe5 Re7 21. f4 Nf7
22. Ndf3 Nd6 23. Be3 Ne4 24. Kg2 Nb3 25. Rh1 a5 26. Rbf1 Rc8 27. Rd1 Qd6 28. g4
Qe6 29. Rdf1 Bxe5 30. Nxe5 b5 31. g5 Qf5 32. Qg4 Rxe5 0-1

[Event "SK Metelen 1 - SF Telgte 1"]
[Site "Regionalliga, Gr. 1 2022/2023"]
[Date "2023.02.04"]
[Round "6.3"]
[White "Kuhlenbaeumer, Alfred"]
[Black "Grotenhuis, Gerard"]
[Result "0-1"]
[WhiteElo "1846"]
[BlackElo "1931"]
[PlyCount "102"]
[EventDate "2023.??.??"]
[SourceTitle "Verband Muensterland"]
[SourceDate "2023.02.22"]
[SourceVersion "1"]
[SourceVersionDate "2023.02.22"]
[SourceQuality "1"]
[WhiteTeam "SF Telgte 1"]
[BlackTeam "SK Metelen 1"]

1. e4 d5 2. Nc3 d4 3. Nce2 c5 4. Ng3 Nc6 5. Bb5 Qc7 6. d3 e5 7. N1e2 Nf6 8. Bg5
Ng4 9. Bxc6+ Qxc6 10. h3 Qg6 11. Bd2 Nf6 12. O-O h5 13. Nf5 Bxf5 14. exf5 Qxf5
15. Ng3 Qd7 16. Re1 O-O-O 17. Qf3 h4 18. Ne4 Nd5 19. c4 Nb4 20. Bxb4 cxb4 21.
c5 Kb8 22. a3 b3 23. Rac1 Qd5 24. Rc4 Rc8 25. Rec1 g6 26. Qd1 f5 27. Nd2 Bh6
28. c6 Rxc6 29. Rxc6 bxc6 30. Rc4 Bxd2 31. Qxd2 Ka8 32. Qg5 Qe6 33. Qc1 Rc8 34.
Qd2 c5 35. Qg5 e4 36. Qd2 Qe5 37. Qd1 exd3 38. Qxd3 Qe1+ 39. Qf1 Qxf1+ 40. Kxf1
Kb7 41. Ke2 Kb6 42. Kd3 Re8 43. Rc1 Kc6 44. Kd2 Kd5 45. Kd3 f4 46. Kd2 c4 47.
Rd1 Rc8 48. Rc1 Rf8 49. Rg1 Re8 50. f3 Re3 51. Rc1 d3 0-1

[Event "SK Metelen 1 - SF Telgte 1"]
[Site "Regionalliga, Gr. 1 2022/2023"]
[Date "2023.02.04"]
[Round "6.4"]
[White "Wigger, Frank"]
[Black "Almohammad, Abbas"]
[Result "1-0"]
[WhiteElo "1848"]
[BlackElo "1706"]
[PlyCount "35"]
[EventDate "2023.??.??"]
[SourceTitle "Verband Muensterland"]
[SourceDate "2023.02.22"]
[SourceVersion "1"]
[SourceVersionDate "2023.02.22"]
[SourceQuality "1"]
[WhiteTeam "SK Metelen 1"]
[BlackTeam "SF Telgte 1"]

1. e4 c5 2. c3 Nf6 3. e5 Nd5 4. d4 cxd4 5. Nf3 Qa5 6. Nxd4 e6 7. Bd3 Nc6 8.
Nxc6 bxc6 9. Qe2 g6 10. O-O Qb6 11. Re1 a5 12. Nd2 Nf4 13. Qf3 Nxd3 14. Qxd3
Ba6 15. Qf3 Be7 16. Ne4 Qd8 17. Bg5 f5 18. exf6 1-0

[Event "SK Metelen 1 - SF Telgte 1"]
[Site "Regionalliga, Gr. 1 2022/2023"]
[Date "2023.02.04"]
[Round "6.5"]
[White "Stepa, Rainer"]
[Black "Bueckers, Bernhard"]
[Result "1/2-1/2"]
[WhiteElo "1741"]
[BlackElo "1709"]
[PlyCount "126"]
[EventDate "2023.??.??"]
[SourceTitle "Verband Muensterland"]
[SourceDate "2023.02.22"]
[SourceVersion "1"]
[SourceVersionDate "2023.02.22"]
[SourceQuality "1"]
[WhiteTeam "SF Telgte 1"]
[BlackTeam "SK Metelen 1"]

1. e4 c5 2. Nf3 d6 3. d4 cxd4 4. Nxd4 Nf6 5. Bd3 a6 6. c3 e6 7. O-O Be7 8. b3
O-O 9. Bb2 Bd7 10. Nd2 Nc6 11. Nxc6 Bxc6 12. Qe2 b5 13. Rfe1 Qc7 14. c4 Rab8
15. cxb5 Bxb5 16. Rac1 Qb7 17. e5 Bxd3 18. Qxd3 dxe5 19. Bxe5 Rfd8 20. Qg3 Rbc8
21. Nc4 Ne8 22. Rcd1 Rxd1 23. Rxd1 Rd8 24. Rxd8 Bxd8 25. Nd6 Qc6 26. Nc4 Bf6
27. Bxf6 Nxf6 28. Qd6 Qxd6 29. Nxd6 Nd5 30. a3 Kf8 31. Ne4 Ke7 32. Kf1 f5 33.
Nc5 Nc7 34. Ke2 Kd6 35. Nb7+ Kd5 36. Kd3 g5 37. a4 h5 38. b4 h4 39. Nc5 g4 40.
g3 hxg3 41. hxg3 e5 42. Kc3 f4 43. Nd7 Ke6 44. Nc5+ Kd5 45. Nd3 Ne6 46. b5 axb5
47. axb5 fxg3 48. fxg3 e4 49. Nf2 e3 50. Nxg4 e2 51. Kd2 Nd4 52. Nf6+ Kc5 53.
Ne4+ Kxb5 54. Nc3+ Kc6 55. Nxe2 Ne6 56. Ke3 Kd6 57. Ke4 Ke7 58. Kf5 Kf7 59. Nf4
Ng7+ 60. Kg5 Ne8 61. Kh6 Nf6 62. Kg5 Ne4+ 63. Kg4 Nxg3 1/2-1/2

[Event "SK Metelen 1 - SF Telgte 1"]
[Site "Regionalliga, Gr. 1 2022/2023"]
[Date "2023.02.04"]
[Round "6.6"]
[White "Gravenkoetter, Christian"]
[Black "Rex, Dieter"]
[Result "1-0"]
[WhiteElo "1648"]
[BlackElo "1726"]
[PlyCount "45"]
[EventDate "2023.??.??"]
[SourceTitle "Verband Muensterland"]
[SourceDate "2023.02.22"]
[SourceVersion "1"]
[SourceVersionDate "2023.02.22"]
[SourceQuality "1"]
[WhiteTeam "SK Metelen 1"]
[BlackTeam "SF Telgte 1"]

1. e4 c5 2. Nc3 e6 3. Nf3 Nc6 4. Bb5 a6 5. Bxc6 bxc6 6. d3 d5 7. O-O Nf6 8. Bg5
Be7 9. Qe2 O-O 10. b3 h6 11. Bxf6 Bxf6 12. e5 Be7 13. Nd2 Qa5 14. Nd1 Rb8 15.
c4 Qb6 16. f4 a5 17. Rf3 Bd7 18. Rg3 Rfd8 19. Qh5 Kh8 20. Qxf7 Bf8 21. Nf3 Qb4
22. Nf2 Rb7 23. Nh4 1-0

[Event "SK Metelen 1 - SF Telgte 1"]
[Site "Regionalliga, Gr. 1 2022/2023"]
[Date "2023.02.04"]
[Round "6.7"]
[White "Dieckmann, Werner"]
[Black "Buijnsters, Floris"]
[Result "0-1"]
[WhiteElo "1777"]
[BlackElo "1745"]
[PlyCount "74"]
[EventDate "2023.??.??"]
[SourceTitle "Verband Muensterland"]
[SourceDate "2023.02.22"]
[SourceVersion "1"]
[SourceVersionDate "2023.02.22"]
[SourceQuality "1"]
[WhiteTeam "SF Telgte 1"]
[BlackTeam "SK Metelen 1"]

1. d4 d5 2. Nf3 Nf6 3. Bg5 e6 4. e3 Be7 5. Nbd2 Nbd7 6. c4 h6 7. Bxf6 Nxf6 8.
Bd3 O-O 9. O-O dxc4 10. Nxc4 c5 11. a3 b6 12. dxc5 Bxc5 13. b4 Be7 14. Rc1 Bb7
15. Be2 Rc8 16. Qa4 a6 17. Nce5 b5 18. Qb3 Bd5 19. Qb1 Qb6 20. Rxc8 Rxc8 21.
Rc1 Qb7 22. h3 Ne4 23. Rxc8+ Qxc8 24. Bd3 Nd6 25. e4 Bb7 26. Ng4 Qc3 27. e5 Nc4
28. Bxc4 bxc4 29. Ne3 Bxf3 30. gxf3 Bg5 31. Qc2 Qe1+ 32. Kg2 Bxe3 33. fxe3 c3
34. Qe4 Qd2+ 35. Kg3 Qd5 36. Qf4 c2 37. e4 Qd1 0-1

[Event "SK Metelen 1 - SF Telgte 1"]
[Site "Regionalliga, Gr. 1 2022/2023"]
[Date "2023.02.04"]
[Round "6.8"]
[White "Herdering, Rajesh"]
[Black "Schenke, Conrad"]
[Result "0-1"]
[WhiteElo "1561"]
[BlackElo "1655"]
[PlyCount "74"]
[EventDate "2023.??.??"]
[SourceTitle "Verband Muensterland"]
[SourceDate "2023.02.22"]
[SourceVersion "1"]
[SourceVersionDate "2023.02.22"]
[SourceQuality "1"]
[WhiteTeam "SK Metelen 1"]
[BlackTeam "SF Telgte 1"]

1. e4 e5 2. Nf3 Nc6 3. Bc4 Bc5 4. d3 Nf6 5. Nc3 d6 6. Be3 Bb6 7. a3 Be6 8. Nd5
Bxd5 9. exd5 Ne7 10. Bb5+ c6 11. dxc6 Nxc6 12. O-O O-O 13. Bg5 Rc8 14. Bc4 Re8
15. Nd2 h6 16. Bxf6 Qxf6 17. Ne4 Qd8 18. Bd5 Qd7 19. Qh5 Rf8 20. Qxh6 Ne7 21.
Bb3 d5 22. Qd6 Rcd8 23. Qxd7 Rxd7 24. Nd2 Nc6 25. c3 g6 26. Rfe1 Kg7 27. Rad1
Rfd8 28. Ba4 f6 29. g4 Rd6 30. Bc2 f5 31. h3 fxg4 32. hxg4 Rf6 33. Re2 Rdf8 34.
Rf1 Rf4 35. Kh2 Rxg4 36. Kh3 Rg5 37. Kh4 Bd8 0-1

[Event "SK Bocholt 1 - SC Rochade Emsdetten 1"]
[Site "Regionalliga, Gr. 1 2022/2023"]
[Date "2023.02.04"]
[Round "6.1"]
[White "Hiller, Simon"]
[Black "Fuest, Martin"]
[Result "1/2-1/2"]
[WhiteElo "2157"]
[BlackElo "2150"]
[PlyCount "46"]
[EventDate "2023.??.??"]
[SourceTitle "Verband Muensterland"]
[SourceDate "2023.02.22"]
[SourceVersion "1"]
[SourceVersionDate "2023.02.22"]
[SourceQuality "1"]
[WhiteTeam "SC Rochade Emsdetten 1"]
[BlackTeam "SK Bocholt 1"]

1. d4 d5 2. c4 c6 3. Nf3 Nf6 4. cxd5 cxd5 5. Nc3 Nc6 6. Bf4 Ne4 7. e3 Nxc3 8.
bxc3 e6 9. Bd3 Bd6 10. Bxd6 Qxd6 11. O-O h6 12. Qe2 f5 13. c4 O-O 14. Rab1 b6
15. Rfc1 Bd7 16. c5 bxc5 17. Rxc5 Rab8 18. Rbc1 Rb6 19. a4 Rfb8 20. Bb5 a6 21.
Bxc6 Bxc6 22. a5 Rb1 23. Qc2 R1b2 1/2-1/2

[Event "SK Bocholt 1 - SC Rochade Emsdetten 1"]
[Site "Regionalliga, Gr. 1 2022/2023"]
[Date "2023.02.04"]
[Round "6.2"]
[White "Naumann, Felix"]
[Black "Mueller, Achim"]
[Result "1/2-1/2"]
[WhiteElo "1905"]
[BlackElo "1997"]
[PlyCount "51"]
[EventDate "2023.??.??"]
[SourceTitle "Verband Muensterland"]
[SourceDate "2023.02.22"]
[SourceVersion "1"]
[SourceVersionDate "2023.02.22"]
[SourceQuality "1"]
[WhiteTeam "SK Bocholt 1"]
[BlackTeam "SC Rochade Emsdetten 1"]

1. d4 f5 2. Nf3 Nf6 3. Bf4 e6 4. e3 b6 5. c4 Bb4+ 6. Nc3 Ne4 7. Rc1 Bb7 8. d5
Bxc3+ 9. bxc3 Na6 10. Be2 O-O 11. O-O Nac5 12. h3 d6 13. Bh2 e5 14. Nd2 Qe8 15.
f4 c6 16. Nxe4 Nxe4 17. g4 cxd5 18. cxd5 Rc8 19. c4 fxg4 20. Bxg4 Rc5 21. Be6+
Kh8 22. fxe5 dxe5 23. Bxe5 Rxf1+ 24. Qxf1 Ng5 25. Bd6 Nxe6 26. Bxc5 1/2-1/2

[Event "SK Bocholt 1 - SC Rochade Emsdetten 1"]
[Site "Regionalliga, Gr. 1 2022/2023"]
[Date "2023.02.04"]
[Round "6.3"]
[White "Nordholt, Uwe"]
[Black "Liesmann, Karsten"]
[Result "0-1"]
[WhiteElo "1849"]
[BlackElo "1974"]
[PlyCount "90"]
[EventDate "2023.??.??"]
[SourceTitle "Verband Muensterland"]
[SourceDate "2023.02.22"]
[SourceVersion "1"]
[SourceVersionDate "2023.02.22"]
[SourceQuality "1"]
[WhiteTeam "SC Rochade Emsdetten 1"]
[BlackTeam "SK Bocholt 1"]

1. d4 d5 2. c4 e6 3. Nf3 Nf6 4. Nc3 c5 5. cxd5 exd5 6. e3 Nc6 7. a3 cxd4 8.
exd4 Be7 9. Bd3 Bg4 10. Be3 O-O 11. O-O Re8 12. h3 Bh5 13. Rc1 Rc8 14. Bf5 Ra8
15. b4 a6 16. Na4 Ne4 17. g4 Bg6 18. Bxg6 hxg6 19. Nc5 Bxc5 20. bxc5 b5 21.
cxb6 Qxb6 22. Qa4 Rec8 23. Rb1 Nc3 24. Rxb6 Nxa4 25. Rb7 Na5 26. Rd7 Nb6 27.
Re7 Kf8 28. Bd2 Kxe7 29. Bxa5 Nc4 30. Bb4+ Kd7 31. Ng5 f6 32. Nf3 Rab8 33. Kg2
a5 34. Bc5 Rb3 35. Nh4 g5 36. Ng6 Rxc5 37. dxc5 Kc6 38. Rd1 Kxc5 39. Ne7 d4 40.
Nf5 d3 41. Nxg7 Rxa3 42. Ne8 Kd4 43. Nxf6 d2 44. h4 gxh4 45. g5 Ke5 0-1

[Event "SK Bocholt 1 - SC Rochade Emsdetten 1"]
[Site "Regionalliga, Gr. 1 2022/2023"]
[Date "2023.02.04"]
[Round "6.4"]
[White "Kuhlenbaeumer, Willi"]
[Black "Weist, Thorsten"]
[Result "1/2-1/2"]
[WhiteElo "1935"]
[BlackElo "1770"]
[PlyCount "46"]
[EventDate "2023.??.??"]
[SourceTitle "Verband Muensterland"]
[SourceDate "2023.02.22"]
[SourceVersion "1"]
[SourceVersionDate "2023.02.22"]
[SourceQuality "1"]
[WhiteTeam "SK Bocholt 1"]
[BlackTeam "SC Rochade Emsdetten 1"]

1. e4 c5 2. Nf3 a6 3. d4 cxd4 4. Nxd4 Nf6 5. Nc3 e5 6. Nf3 Bb4 7. Bc4 d6 8. O-O
Bxc3 9. bxc3 Qc7 10. Bb3 Nbd7 11. Re1 O-O 12. Bg5 h6 13. Bh4 b5 14. Bxf6 Nxf6
15. Qd3 Bb7 16. Nh4 Rac8 17. Nf5 d5 18. Qg3 g6 19. Rad1 Kh7 20. Qh4 gxf5 21.
Qxf6 fxe4 22. Qf5+ Kh8 23. Qf6+ Kh7 1/2-1/2

[Event "SK Bocholt 1 - SC Rochade Emsdetten 1"]
[Site "Regionalliga, Gr. 1 2022/2023"]
[Date "2023.02.04"]
[Round "6.5"]
[White "Wissing, Philipp"]
[Black "Sell, Markus"]
[Result "1-0"]
[WhiteElo "1880"]
[BlackElo "1820"]
[PlyCount "65"]
[EventDate "2023.??.??"]
[SourceTitle "Verband Muensterland"]
[SourceDate "2023.02.22"]
[SourceVersion "1"]
[SourceVersionDate "2023.02.22"]
[SourceQuality "1"]
[WhiteTeam "SC Rochade Emsdetten 1"]
[BlackTeam "SK Bocholt 1"]

1. e4 d6 2. d4 Nf6 3. Nc3 g6 4. f4 Bg7 5. Nf3 c5 6. dxc5 Qa5 7. Bd3 Qxc5 8. Qe2
O-O 9. Be3 Qb4 10. O-O a6 11. Rab1 b5 12. e5 Nbd7 13. exf6 Nxf6 14. a3 Qa5 15.
h3 Bb7 16. Qf2 Qc7 17. Ng5 h6 18. Nge4 Nd7 19. Ne2 f5 20. Nd2 e5 21. c3 Rae8
22. Bc2 Kh7 23. Rbe1 Nf6 24. Nf3 Nh5 25. g4 fxg4 26. hxg4 Nxf4 27. Bxf4 exf4
28. Nxf4 Rxf4 29. Bxg6+ Kxg6 30. Nh4+ Kh7 31. Qxf4 Rf8 32. Nf5 Qc6 33. Qh2 1-0

[Event "SK Bocholt 1 - SC Rochade Emsdetten 1"]
[Site "Regionalliga, Gr. 1 2022/2023"]
[Date "2023.02.04"]
[Round "6.6"]
[White "Hunhoff, Andreas"]
[Black "Noering, Andreas"]
[Result "1/2-1/2"]
[WhiteElo "1772"]
[BlackElo "1809"]
[PlyCount "46"]
[EventDate "2023.??.??"]
[SourceTitle "Verband Muensterland"]
[SourceDate "2023.02.22"]
[SourceVersion "1"]
[SourceVersionDate "2023.02.22"]
[SourceQuality "1"]
[WhiteTeam "SK Bocholt 1"]
[BlackTeam "SC Rochade Emsdetten 1"]

1. f4 d5 2. Nf3 Nf6 3. e3 g6 4. Be2 Bg7 5. O-O c5 6. c3 O-O 7. d4 Ne4 8. Nbd2
Nxd2 9. Bxd2 Nd7 10. Bd3 f5 11. Be1 c4 12. Bc2 e6 13. Bh4 Bf6 14. Bxf6 Qxf6 15.
Ba4 Nb6 16. Ne5 Qe7 17. Rb1 Bd7 18. Bc2 Rfc8 19. Qe1 Be8 20. Qd2 Nd7 21. Nf3
Nf6 22. h3 b5 23. Ne5 Nd7 1/2-1/2